Loading...
| Literature - European | 1 | 5 | 0 | 0 | 65 | 71 | 103.50 | 0 | 1 | 0.00 | 0.00 |
| Literature - British | 0 | 5 | 0 | 1 | 50 | 103 | 121.80 | 0 | 1 | 0.00 | 0.00 |
| Fine Arts - Other Arts | 0 | 4 | 1 | 0 | 35 | 98 | 112.00 | 0 | 1 | 0.00 | 0.00 |
| Literature - World | 0 | 3 | 1 | 0 | 25 | 92 | 102.00 | 0 | 0 | 0.00 | 0.00 |
| History - American | 1 | 0 | 0 | 0 | 15 | 53 | 53.00 | 0 | 1 | 0.00 | 0.00 |
| Fine Arts - Classical Music and Opera | 0 | 1 | 0 | 0 | 10 | 82 | 82.00 | 0 | 1 | 0.00 | 0.00 |
| Literature - American | 0 | 1 | 0 | 1 | 10 | 128 | 128.00 | 0 | 0 | 0.00 | 0.00 |
| Philosophy | 0 | 1 | 0 | 1 | 10 | 141 | 141.00 | 0 | 0 | 0.00 | 0.00 |
| Visual Arts | 0 | 1 | 1 | 0 | 5 | 119 | 119.00 | 0 | 0 | 0.00 | 0.00 |